"Miłuję waćpannę i piechotą, i na koniu, i na czczo, i po jedzeniu, i na wieki..." - dworski obyczaj kochania, zabawy i umierania w ujęciu Henryka Sienkiewicza
| Titel: | "Miłuję waćpannę i piechotą, i na koniu, i na czczo, i po jedzeniu, i na wieki..." - dworski obyczaj kochania, zabawy i umierania w ujęciu Henryka Sienkiewicza |
|---|---|
| Verfasser: | |
| In: |
Litteraria, Band 36 (2007), Seite 87-100 alle Artikel anzeigen |
| Veröffentlicht: | 2007 |
| Format: | Aufsatz |
| Sprache: | Polnisch |
X
alg: 39411388 001A $01999:12-11-16 001B $01999:12-07-19 $t16:37:07.000 001C $06050:19-11-16 $t08:56:44.000 001D $01999:12-11-16 001U $0utf8 001X $00 002@ $0Aox 003@ $0394113888 007A $0394113888 $aHEB 007T $0Herdkk00003747 010@ $apol 011@ $a2007 021A $a"Miłuję waćpannę i piechotą, i na koniu, i na czczo, i po jedzeniu, i na wieki..." - dworski obyczaj kochania, zabawy i umierania w ujęciu Henryka Sienkiewicza 028A $aKuniczuk-Trzcinowicz $dAgnieszka 031A $d36 $h87-100 $j2007 039B $aIn $8--Abvc--. Litteraria. - Wrocław : Wydawn. WTN, 1969-. - ISSN 0084-3008 $x200700000360000913 $9047344253 045T $aAVL $qDE-30 $2FID 045T $a7,39 $a7,12 lok: 39411388 78 exp: 39411388 78 1 #EPN 201B/01 $019-01-18 $t23:14:44.000 201U/01 $0utf8 203@/01 $0790224402 208@/01 $a12-11-16 $be 209A/01 $a/ $f000 $x00 220C/01 $aTitelaufnehmer: pbb 220C/01 $aHerkunft: PBB/IH PAN 244Z/01 $2Trx $#Poola $#Lenkija $#Polija $#Polen Land $#Poland $#Lengyelország $#Poľsko $#Polsko $8--Trx--Polska$gkraj $x01 $9391345966 244Z/01 $#Sienkiewicz, Henryk $#显克微支 亨利克 $#Sienkiewicz, Henryk Adam Aleksander Pius $#Litwos $#Sienkiewicz, Heinrik $#Sienkiewicz, Henrik $#Sienkiewicz, Henri $#Sienkiewicz, H. $#Sinkevits, Henriḳ $#Siȩkiewicz, Hendrich $#Sienkiewicz, Enric $#Sienkiewicz, Enrico $#Senkevič, Genrich $#Senkìevich, H. $#Senkyeviç, Henrik $#Šenkewiṭš, Henrik $#Shenkyebitchi, Henryk $#Hsien-kò-wei-chih $#Sienkiewicz, Heinrich $#Sienkiewicz, Henry $#Sienkiewicz, Enrique $#Senkevich, G. $#Senkevich, Genrik $#Senkevich, Genrikh $#Senkyeviç, Hanrik $#Sjenkjevič, Henrik $#Senkyeviç, Henriḳ $#Senkevič, Genrik $#Sienkiewicz, Henricus $#Sinkīfīǧ, Hanrīk $#Sienkiewicz, Henrick $#Sienkievičius, Henrikas $#Senkevičius, Henrikas $#Sienkievič, Henryk $#Senkeuič, Henrik $#Senkevič, G. $#Sienkiewicz, Henryck $#Senkevič, Chenrik $#Senḳevitsʹ, Henriḳ $#Sienkiewicz, Henryk Adam Aleksander Pius $#Senkevič, Genrik $#Xian ke wei zhi $#Sienkiewicz, Henryk Josef $#Сенкевич, Генрик $#Хенрик Сенкевич $#Χένρικ Σιενκιέβιτς $#显克微支 亨利克 $#סנקביץ', הנריק $7118797107 $8--Tp1--Sienkiewicz, Henryk$Z1846-1916 $x02 $9087137704 244Z/01 $2Trx $#kombestik $#papročiai $#Traditions $#hagyomány $#obrzędy i zwyczaje ludowe $#zvyky ľudové $#zvyky lidové $#Sitten und Bräuche $#obrady $8--Trx--Brauchtum $x03 $9391369725 244Z/01 $2Trx $#õukonnad aadli $#bajorų rūmai $#noble courts $#udvarok nemesi $#dwory szlacheckie $#dvory šľachtické $#dvory šlechtické $8--Trx--Höfe$gAdel $x04 $9391353160 244Z/01 $2Trx $#kirjandus, Poola $#literatūra, lenkų $#Literature, Polish $#irodalom, lengyel $#literatura polska $#literatúra poľská $#literatura polská $8--Trx--Literatur, polnische $x05 $9391369008 244Z/01 $2Trx $8--Trx--Zeitschriftenaufsatz $x06 $9391384341 245Z/01 $a11.02;11.08 $x01 247C/01 $82080>Marburg/Lahn, Herder-Institut, Forschungsbibliothek, Bibliographieportal $9336309341
| LEADER | 00000caa a22000002c 4500 | ||
|---|---|---|---|
| 001 | 394113888 | ||
| 003 | DE-603 | ||
| 005 | 20190712163707.0 | ||
| 007 | tu | ||
| 008 | 161112s2007 xx |||| | u00||u|pol c | ||
| 035 | |a (DE-599)HEB394113888 | ||
| 040 | |a DE-603 |b ger |c DE-603 |d DE-603 | ||
| 041 | |a pol | ||
| 084 | |a AVL |q DE-30 |2 fid | ||
| 084 | |a 7,39 |a 7,12 |2 ssgn | ||
| 100 | 1 | |a Kuniczuk-Trzcinowicz, Agnieszka | |
| 245 | 0 | 0 | |a "Miłuję waćpannę i piechotą, i na koniu, i na czczo, i po jedzeniu, i na wieki..." - dworski obyczaj kochania, zabawy i umierania w ujęciu Henryka Sienkiewicza |
| 264 | 0 | |c 2007 | |
| 773 | 0 | 8 | |i In |t Litteraria |d Wrocław : Wydawn. WTN, 1969- |x 0084-3008 |g Band 36 (2007), Seite 87-100 |w (DE-603)047344253 |w (DE-600)216021-3 |
| 924 | 0 | |9 2080 |a (DE-603)790224402 |b DE-2080 |c HES |d d |g / | |


